000
00297nam a2200109Ia 4500
008
200302s9999 xx 000 0 und d
100
_a
Alessandro Vezzosi
245
_a
Leonardo Da Vinci : The Mind Of The Renaissance
260
_b
Harry N. Abrams, Inc., New York
260
_c
1997
300
_a
159 P
999
_c
4742
_d
4742